000 00883nam a22002417a 4500
999 _c1813
_d1813
003 AR-CdUCM
008 190228b ||||| |||| 00| 0 spa d
040 _aMUNICIPALIDAD PROVINCIAL DEL CUSCO
_cBIBLIOTECA MUNICIPAL DEL CUSCO
082 _22ed.
_a321.07 /
_bIM41
100 _aímaz, Eugenio
_96656
245 _aUtopía del renacimiento /
_cEugenio ímaz
260 _aMexico, D.F :
_bFondo de cultura económica,
_c1956.
300 _a235 paginas ;
_c21 cm.
505 _aTopia y utopía por Eugenio Ímaz -- Tomas Moro: utopía -- Tomaso Campanella: La imaginaria ciudad del sol -- Francis Bacon: Nueva Atlántida ...
650 _aUtopías
_96657
650 _aRenacimiento
_95449
650 _aRepública
_9831
700 _aMoro, Tomás
_96658
700 _aCampañella, Tommaso
_96659
700 _aBacon, Francis
_96660
942 _2ddc
_cLIBROS
945 _aacv
_d2019-02-28